01363nam a22002897a 4500003000900000005001700009008003700026020002500063020002500088040002500113082002500138100004900163245010700212250001200319260006000331300001700391490004700408500007100455500003600526505014500562600007300707600006700780600006100847600006900908650003600977710006001013DO-SdBPM20241121073725.0100322s2019 dr 1 000 0 spa d a9789945613278 (v. 1) a9789945613285 (v. 2) aDO-SdBPMbspacBPMSU 4a196.1bJ61a 20192221 aJiménez Grullón, Juan Isidro,d1903-198313aAl margen de Ortega y Gasset :b(crítica a El tema de nuestro tiempo) /cJ. I. Jiménez-Grullón  a2a. ed. aSanto Domingo :bArchivo General de la Nación,c2019. av. ;c23 cm.0 aArchivo General de la Nación ;v363-364  aIncluye datos biográficos del autor en la solapa de la cubierta  aIncluye índice onomástico.  gv.1.t Crítica a "El tema de nuestro tiempo."-a gv.2.tCrítica a "En torno a Galileo."gv.3tCrítica a "La rebelión de las masas..14aOrtega y Gasset, José, d1883-1955. xCrítica e interpretación14aOrtega y Gasset, José,d1883-1955. tTema de nuestro tiempo.14aOrtega y Gasset, José,d1883-1955tEn torno a Galileo.14aOrtega y Gasset, José, d1883-1955. tRebelión de las masas. 4aBioética xAspectos sociales2 aArchivo General de la Nación (República Dominicana)